000 00558 a2200217 4500
005 20260420145737.0
008 260420b |||||||| |||| 00| 0 eng d
020 _a9789392064227
_cRs. 300.00
040 _aMAIN
082 _a174.9
_bS23R
100 _aYadav, Yaduveer
245 _a Research in publication ethics
260 _bRBSA Publishers
_c2024
_aJaipur
300 _aviii, 174
650 _aEthics
650 _aProfessional Ethics
650 _aResearch Methods
700 _aSharma, Yaduveer
700 _aMadan, Geetika
942 _cBK
999 _c394448
_d394448